Region and Partition (Record no. 12004)
[ view plain ]
| 000 -LEADER | |
|---|---|
| fixed length control field | 00263nam a22001217a 4500 |
| 020 ## - INTERNATIONAL STANDARD BOOK NUMBER | |
| ISBN | 978-0195790511 |
| 082 ## - DEWEY DECIMAL CLASSIFICATION NUMBER | |
| Classification number | 954.04 |
| 100 ## - MAIN ENTRY--AUTHOR NAME | |
| Personal name | Gurharpal Singh |
| 245 ## - TITLE STATEMENT | |
| Title | Region and Partition |
| 260 ## - PUBLICATION, DISTRIBUTION, ETC. (IMPRINT) | |
| Place of publication | Karachi |
| Name of publisher | Oxford Press |
| Year of publication | 1999 |
| 300 ## - PHYSICAL DESCRIPTION | |
| Number of Pages | 407 |
| 942 ## - ADDED ENTRY ELEMENTS (KOHA) | |
| Koha item type | Books |
| Withdrawn status | Lost status | Permanent Location | Current Location | Date acquired | Full call number | Accession Number | Koha item type |
|---|---|---|---|---|---|---|---|
| | | MAJU | MAJU | 2019-10-02 | 954.04 | Av416 | Books |